[Event "COL-ch sf3 U18"]
[Site "Bogota"]
[Date "2019.06.08"]
[Round "4.5"]
[White "Garcia Barrera, Diego Fernando"]
[Black "Mesa Baez, Samuel"]
[Result "0-1"]
[WhiteElo "1520"]
[BlackElo "1733"]
[PlyCount "42"]
[EventDate "2019.06.06"]
[EventType "swiss"]
[EventRounds "6"]
[EventCountry "COL"]
[SourceTitle "EXT 2024"]
[Source "ChessBase"]
[SourceDate "2023.10.10"]
[SourceVersion "1"]
[SourceVersionDate "2023.10.10"]
[SourceQuality "1"]

1. c4 Nf6 2. Nc3 g6 3. e4 d6 4. d4 Bg7 5. f4 e5 6. dxe5 dxe5 7. Qxd8+ Kxd8 8. fxe5 Ng4 9. Nf3 c6 10. Bf4 Nd7 11. e6 fxe6 12. Ng5 e5 13. Bg3 Ke7 14. Bd3 Nc5 15. Be2 Ne3 16. Bf2 Nc2+ 17. Kd2 Nd4 18. Bd1 Rd8 19. Nxh7 Bh6+ 20. Be3 Nf5+ 21. Ke2 Nxe3 0-1

[Event "Zipaquira U17 op"]
[Site "Zipaquira"]
[Date "2018.09.08"]
[Round "4"]
[White "Garcia Barrera, Diego Fernando"]
[Black "Lopez Ramirez, Daniel Giovanny"]
[Result "1-0"]
[WhiteElo "1484"]
[BlackElo "1580"]
[PlyCount "37"]
[EventDate "2018.09.07"]
[EventType "swiss"]
[EventRounds "5"]
[EventCountry "COL"]
[SourceTitle "CBM 186 Extra"]
[Source "ChessBase"]
[SourceDate "2018.08.24"]
[SourceVersion "1"]
[SourceVersionDate "2018.08.24"]
[SourceQuality "1"]

1. c4 e5 2. Nc3 Nf6 3. Nf3 Nc6 4. g3 d5 5. cxd5 Nxd5 6. Bg2 Bc5 7. 0-0 0-0 8. a3 a5 9. Qc2 Nb6 10. d3 a4 11. Nb5 Bd6 12. Be3 Nd5 13. Bd2 Be6 14. d4 f6 15. e4 Nxd4 16. Nfxd4 Nf4 17. Bxf4 Bb3 18. Nxb3 axb3 19. Qxb3+ 1-0

[Event "Bogota sf3 U18"]
[Site "Bogota"]
[Date "2018.03.29"]
[Round "1.1"]
[White "Marcial Torres, Jesus"]
[Black "Garcia Barrera, Diego Fernando"]
[Result "1-0"]
[WhiteElo "2076"]
[BlackElo "1473"]
[PlyCount "41"]
[EventDate "2018.03.29"]
[EventType "swiss"]
[EventRounds "6"]
[EventCountry "COL"]
[SourceTitle "EXT 2024"]
[Source "ChessBase"]
[SourceDate "2023.10.10"]
[SourceVersion "1"]
[SourceVersionDate "2023.10.10"]
[SourceQuality "1"]

1. Nf3 Nf6 2. c4 e6 3. g3 c5 4. Bg2 Be7 5. 0-0 0-0 6. Nc3 Nc6 7. d4 d5 8. cxd5 exd5 9. e3 Be6 10. Ne2 c4 11. Ne5 Nxe5 12. dxe5 Ne8 13. Nd4 Nc7 14. f4 Bc5 15. f5 Bd7 16. Rf4 Re8 17. Nf3 g6 18. f6 Qc8 19. Rh4 Bg4 20. h3 Bxf3 21. Qxf3 1-0

[Event "COL-ch U18 sf2"]
[Site "Ibague"]
[Date "2018.03.22"]
[Round "1.4"]
[White "Garcia Barrera, Diego Fernando"]
[Black "Alvarez Angel, Nelson Eduardo"]
[Result "0-1"]
[WhiteElo "1473"]
[BlackElo "1894"]
[PlyCount "72"]
[EventDate "2018.03.22"]
[EventType "swiss"]
[EventRounds "6"]
[EventCountry "COL"]
[SourceTitle "EXT 2024"]
[Source "ChessBase"]
[SourceDate "2023.10.10"]
[SourceVersion "1"]
[SourceVersionDate "2023.10.10"]
[SourceQuality "1"]

1. c4 Nf6 2. Nc3 c5 3. Nf3 Nc6 4. g3 g6 5. Bg2 Bg7 6. 0-0 d6 7. d4 cxd4 8. Nxd4 Bd7 9. Bg5 0-0 10. Rb1 h6 11. Bxf6 Bxf6 12. Nxc6 bxc6 13. c5 d5 14. e4 e6 15. Re1 Bxc3 16. bxc3 Qa5 17. c4 Rad8 18. cxd5 cxd5 19. exd5 Qxc5 20. Qc1 Qxc1 21. Rbxc1 Rc8 22. Bh3 f5 23. Rxc8 Bxc8 24. dxe6 Re8 25. e7 Kf7 26. Rc1 Be6 27. Bf1 Rxe7 28. Bc4 Kf6 29. Bxe6 Rxe6 30. Kf1 Rb6 31. Rc2 Re6 32. Re2 Rxe2 33. Kxe2 Ke6 34. f4 g5 35. h4 gxh4 36. gxh4 Kd5 0-1

[Event "COL-ch U17"]
[Site "Pereira"]
[Date "2017.12.01"]
[Round "3.7"]
[White "Moreno Bolanos, Nicolas"]
[Black "Garcia Barrera, Diego Fernando"]
[Result "1/2-1/2"]
[WhiteElo "1485"]
[BlackElo "1465"]
[PlyCount "86"]
[EventDate "2017.11.30"]
[EventType "swiss"]
[EventRounds "6"]
[EventCountry "COL"]
[SourceTitle "EXT 2024"]
[Source "ChessBase"]
[SourceDate "2023.10.10"]
[SourceVersion "1"]
[SourceVersionDate "2023.10.10"]
[SourceQuality "1"]

1. Nf3 Nf6 2. d4 e6 3. c4 Be7 4. Nc3 0-0 5. Bf4 Nc6 6. e3 d5 7. cxd5 Nxd5 8. Nxd5 exd5 9. h3 Bd6 10. Bxd6 Qxd6 11. Bd3 Nb4 12. Be2 Bf5 13. 0-0 Rfe8 14. a3 Nc6 15. Rc1 a6 16. Qb3 Rab8 17. Rfe1 h6 18. Bd3 Na5 19. Qc2 Bxd3 20. Qxd3 Nc4 21. Qc2 c6 22. Nd2 b5 23. Nb3 Rbc8 24. Nc5 a5 25. Qc3 b4 26. axb4 axb4 27. Qc2 Ra8 28. b3 Na3 29. Qd2 Reb8 30. Ra1 Qg6 31. Rec1 Qf5 32. Nd3 Qd7 33. Nxb4 Rc8 34. Nc2 Nb5 35. Rxa8 Rxa8 36. Nb4 Rc8 37. Qc2 Qd6 38. Qc5 Qxc5 39. Rxc5 Na7 40. Ra5 Rc7 41. Rc5 Kf8 42. Nxd5 Rb7 43. Nf4 Rxb3 1/2-1/2

[Event "COL-ch sf"]
[Site "Ubate"]
[Date "2017.10.16"]
[Round "6"]
[White "Torres Rojas, Yuber Andres"]
[Black "Garcia Barrera, Diego Fernando"]
[Result "1-0"]
[WhiteElo "2014"]
[BlackElo "1424"]
[PlyCount "79"]
[EventDate "2017.10.14"]
[EventType "swiss"]
[EventRounds "6"]
[EventCountry "COL"]
[SourceTitle "CBM 181 Extra"]
[Source "ChessBase"]
[SourceDate "2017.12.12"]
[SourceVersion "1"]
[SourceVersionDate "2017.12.12"]
[SourceQuality "1"]

1. e4 e5 2. Nf3 Nf6 3. Nc3 Nc6 4. Bc4 Nxe4 5. Nxe4 d5 6. Bd3 dxe4 7. Bxe4 Bg4 8. h3 Bxf3 9. Qxf3 Qd7 10. c3 Bc5 11. 0-0 0-0 12. b4 Bb6 13. b5 Ne7 14. Bxb7 Rad8 15. a4 Kh8 16. Ba3 f5 17. Qe2 Rf7 18. Qxe5 Ng6 19. Qe2 Qxd2 20. Qxd2 Rxd2 21. Rad1 Rfd7 22. Bf3 Ne5 23. Bh5 g6 24. Bc1 Rxd1 25. Bxd1 Nd3 26. Bg5 Nxf2 27. Bf6+ Kg8 28. Bb3+ Kf8 29. Rxf2 Bxf2+ 30. Kxf2 Rd2+ 31. Kf3 Rb2 32. Bd5 Rd2 33. Bd4 h5 34. Ke3 Rd1 35. Bc6 Ra1 36. Bxa7 Rxa4 37. b6 Rc4 38. b7 Rxc3+ 39. Kd2 Rxc6 40. b8Q+ 1-0

[Event "Zipaquira sf3 U16"]
[Site "Zipaquira"]
[Date "2017.04.01"]
[Round "5.9"]
[White "Valenciano M, Santiago"]
[Black "Garcia Barrera, Diego Fernando"]
[Result "1-0"]
[WhiteElo "1152"]
[BlackElo "1464"]
[PlyCount "99"]
[EventDate "2017.03.30"]
[EventType "swiss"]
[EventRounds "6"]
[EventCountry "COL"]
[SourceTitle "EXT 2024"]
[Source "ChessBase"]
[SourceDate "2023.10.10"]
[SourceVersion "1"]
[SourceVersionDate "2023.10.10"]
[SourceQuality "1"]

1. e4 e5 2. Nf3 Nf6 3. Nxe5 d6 4. Nf3 Nxe4 5. Nc3 Nxc3 6. dxc3 Nc6 7. Be3 Be6 8. Qd2 Qf6 9. 0-0-0 0-0-0 10. Bg5 Qg6 11. Bxd8 Nxd8 12. Kb1 Be7 13. Qe3 Kb8 14. Rg1 Re8 15. Bd3 f5 16. Qd2 Qf7 17. b3 Nc6 18. Rge1 Bf6 19. Ng5 Bxg5 20. Qxg5 Rf8 21. Qe3 Bd7 22. Bc4 Qf6 23. Bd5 Ne5 24. h3 a6 25. f4 Ng6 26. g3 h5 27. Qd4 Qxd4 28. cxd4 c6 29. Be6 Kc7 30. Re3 Ne7 31. Rde1 Nc8 32. c4 b6 33. d5 c5 34. Bxd7 Kxd7 35. Re6 b5 36. Rg6 Rg8 37. Ree6 b4 38. Rg5 Ne7 39. Rxh5 Nc6 40. Rxf5 Nd8 41. Rg6 Ke7 42. h4 Nf7 43. g4 Nh6 44. Rh5 Nf7 45. Re6+ Kd7 46. Rf5 Nh6 47. Rh5 Rf8 48. Rg6 Rxf4 49. Rxg7+ Nf7 50. g5 1-0

[Event "Zipaquira sf3 U16"]
[Site "Zipaquira"]
[Date "2017.03.31"]
[Round "3.12"]
[White "Rincon, Duban Felipe"]
[Black "Garcia Barrera, Diego Fernando"]
[Result "1-0"]
[WhiteElo "1386"]
[BlackElo "1464"]
[PlyCount "67"]
[EventDate "2017.03.30"]
[EventType "swiss"]
[EventRounds "6"]
[EventCountry "COL"]
[SourceTitle "EXT 2024"]
[Source "ChessBase"]
[SourceDate "2023.10.10"]
[SourceVersion "1"]
[SourceVersionDate "2023.10.10"]
[SourceQuality "1"]

1. d4 d5 2. c4 e6 3. Nc3 Nf6 4. Bg5 Nbd7 5. Nf3 Be7 6. e3 c6 7. cxd5 Nxd5 8. Bxe7 Qxe7 9. Qc2 b6 10. e4 Nxc3 11. bxc3 Bb7 12. Be2 0-0 13. 0-0 c5 14. Rad1 cxd4 15. cxd4 Rac8 16. Qb1 Nf6 17. Bd3 h6 18. Rc1 Rfd8 19. e5 Nd5 20. Nd2 Nc3 21. Qb2 Nd5 22. Ne4 Nf4 23. Qd2 Nxd3 24. Qxd3 Bd5 25. a4 Qb4 26. Rxc8 Rxc8 27. Nd6 Rc3 28. Qd2 Rb3 29. Qf4 Bc6 30. Qxf7+ Kh7 31. Qxe6 Bxa4 32. Qf5+ Kg8 33. Qf7+ Kh7 34. Nf5 1-0

[Event "Zipaquira sf3 U16"]
[Site "Zipaquira"]
[Date "2017.03.30"]
[Round "1.1"]
[White "Corredor Castellanos, Camilo"]
[Black "Garcia Barrera, Diego Fernando"]
[Result "1-0"]
[WhiteElo "2133"]
[BlackElo "1464"]
[PlyCount "67"]
[EventDate "2017.03.30"]
[EventType "swiss"]
[EventRounds "6"]
[EventCountry "COL"]
[SourceTitle "EXT 2024"]
[Source "ChessBase"]
[SourceDate "2023.10.10"]
[SourceVersion "1"]
[SourceVersionDate "2023.10.10"]
[SourceQuality "1"]

1. Nf3 Nc6 2. d4 d5 3. Bf4 Nf6 4. e3 e6 5. c3 a6 6. Bd3 Be7 7. Nbd2 Nh5 8. Ne5 Nxf4 9. exf4 Nxe5 10. fxe5 c5 11. Qg4 g6 12. dxc5 Bxc5 13. Nb3 Be7 14. 0-0 Bd7 15. Rfd1 Rc8 16. Nd4 Bc5 17. Nb3 Ba7 18. Rac1 Ba4 19. Qxa4+ Qd7 20. Qxd7+ Kxd7 21. c4 d4 22. Be4 Rc7 23. Nxd4 Ke7 24. b4 Rd8 25. Nc2 Rxd1+ 26. Rxd1 Rxc4 27. Bd3 Rc7 28. a4 h6 29. Kf1 g5 30. Ke2 Rd7 31. g3 f6 32. exf6+ Kxf6 33. f3 h5 34. Be4 1-0

[Event "Cota Rregion-ch U15"]
[Site "Cota"]
[Date "2016.11.19"]
[Round "2.2"]
[White "Garcia Barrera, Diego Fernando"]
[Black "Sabogal Varela, Jose Joaquin"]
[Result "0-1"]
[WhiteElo "1447"]
[BlackElo "1589"]
[PlyCount "53"]
[EventDate "2016.11.19"]
[EventType "swiss"]
[EventRounds "5"]
[EventCountry "COL"]
[SourceTitle "EXT 2024"]
[Source "ChessBase"]
[SourceDate "2023.10.10"]
[SourceVersion "1"]
[SourceVersionDate "2023.10.10"]
[SourceQuality "1"]

1. c4 e5 2. Nc3 Nc6 3. Nf3 f5 4. d3 Nf6 5. Bg5 Be7 6. e3 d6 7. Be2 Be6 8. d4 e4 9. Nd2 Bf7 10. f3 exf3 11. Nxf3 Ng4 12. Bf4 g5 13. Nxg5 Bxg5 14. Bxg4 Bxf4 15. exf4 fxg4 16. d5 Ne7 17. Qxg4 Qd7 18. Qxd7+ Kxd7 19. 0-0-0 Bg6 20. Rhe1 Rae8 21. Rd2 Nc8 22. Rxe8 Rxe8 23. b3 Ne7 24. Re2 Ng8 25. Rxe8 Kxe8 26. Nb5 Kd7 27. Nd4 0-1